000 00893nam a2200265Ia 4500
003 OSt
005 20220930094629.0
006 a|||||r|||| 00| 0
007 ta
008 220926b |||||||| |||| 00| 0 eng d
024 _a72312
037 _cTheses
040 _aCRL
_cCRL
_beng
041 _2eng
_aeng
100 _aGupta Nitin Au.
_9556016
110 _aUniversity of Delhi. Faculty of Technology. Department of Computer Engineering
_9528423
245 0 _aEfficient channel assignment methods for wireless regional area networks
260 _c2019
300 _a160p.
_ap.
_ccm.
650 _aComputer Applications
_935120
700 _a Dhurandher Sanjay Kumar Gu.
_9553925
700 _aUniversity of Delhi. Faculty of Technology. Department of Computer Engineering
_9528425
942 _cDIS
_2CC
999 _c887422
_d887422